000 00675cam a22002411 4500
001 sa 66001933
003 DLC
005 20260227112225.0
008 900227m19559999pk 000 0 eng
010 _asa 66001933
035 _a(OCoLC)21128731
040 _aDLC
_cViU
_dOCoLC
_dDLC
042 _apremarc
050 0 0 _aKPL543
_b.S53 1955
100 1 _aSiddiqui, N. U. A.
245 1 0 _aStudies in Muslim law /
_cby N.U.A. Siddiqui.
250 _a1st ed.
260 _aDacca :
_bIqbal Uddin Ahmad,
_c1955-
300 _av. ;
_c22 cm.
505 1 _av. 1. Batil and Fasid marriages.
504 _aIncludes bibliographical references.
650 0 _aMarriage (Islamic law)
999 _c68076
_d68076